Aasaan Tafseer (Record no. 937)

MARC details
000 -LEADER
fixed length control field 00552nam a2200241 a 4500
020 ## - INTERNATIONAL STANDARD BOOK NUMBER
ISBN
082 00 - DEWEY DECIMAL CLASSIFICATION NUMBER
Classification number 297.1227
Author Cutter ABD3
100 ## - MAIN ENTRY--AUTHOR NAME
Author name Abdul Hai,
245 ## - TITLE STATEMENT
Title Aasaan Tafseer
260 ## - PUBLICATION, DISTRIBUTION, ETC. (IMPRINT)
Place of publication Delhi
Name of publisher Maktaba Alhasnat
Year of publication 1965
300 ## - PHYSICAL DESCRIPTION
Number of Pages 500p
500 ## - GENERAL NOTE
General note includes index and biblioraphy
505 2# - FORMATTED CONTENTS NOTE
Formatted contents note Table
650 ## - SUBJECT ADDED ENTRY--TOPICAL TERM
Topical Term Quran-Hermeneutics
942 ## - ADDED ENTRY ELEMENTS (KOHA)
Koha item type Books
700 1# -
-- Abdul Hai,
Holdings
Collection code Home library Current library Date acquired Cost, normal purchase price Full call number Accession Number Koha item type
  Henry Martyn Institute Library Henry Martyn Institute Library 08/01/2007 5.00 297.1227 ABD3 02507 Books
                   Copyright © 2026 | Henry Martyn Institute | Hyderabad | TS-500052 | INDIA | Implemented by hmi.edu.in
Hit-Count:

Powered by Koha